Countries, US States, Capitals, Elements, 100 Most Common Words: Starting with E - Statistics

General Stats
  • This quiz has been taken 13,707 times
    9,587 since last reset
  • The average score is 9 of 13
Answer Stats
ANSWER % Correct
Eritrea
91%
Ethiopia
88%
Ecuador
86%
Estonia
86%
El Salvador
82%
East Timor
81%
Egypt
76%
Eswatini
71%
Equatorial Guinea
70%
Einsteinium
61%
Europium
55%
Erbium
51%
Even
50%
No matching quizzes found
Score Distribution
Percent of People with Each Score
Percentile by Number Answered
Your Score History
You have not taken this quiz since the last reset